Statistics for Most Economically Influential Cities of 2021

Click here to take the quiz!

General Stats

  • This quiz has been taken 188 times
  • The average score is 91 of 100

Answer Stats

CountryPowerAnswer% Correct
Germany79.908Berlin
100%
United Kingdom85.498London
100%
United States83.496New York
100%
France81.656Paris
100%
Japan82.598Tokyo
100%
United Arab Emirates74.972Dubai
99%
Turkey72.982Istanbul
99%
Russia75.946Moscow
99%
India77.058New Delhi
99%
Singapore80.662Singapore
99%
Russia72.156St Petersburg
99%
Australia75.380Sydney
99%
Canada76.906Toronto
99%
Netherlands73.264Amsterdam
98%
Belgium77.782Brussels
98%
Mexico69.246Mexico City
98%
China79.168Shanghai
98%
Egypt71.216Cairo
97%
South Africa70.734Cape Town
97%
United States68.028Chicago
97%
(China)68.810Hong Kong
97%
United States69.594Los Angeles
97%
Spain67.194Madrid
97%
Brazil62.452Rio De Janeiro
97%
Italy69.856Rome
97%
Brazil73.558São Paulo
97%
Argentina71.690Buenos Aires
96%
Ireland64.696Dublin
96%
Germany67.746Munich
96%
Sweden65.394Stockholm
96%
Greece61.620Athens
95%
Spain63.158Barcelona
95%
China67.428Beijing
95%
Denmark70.020Copenhagen
95%
Indonesia72.524Jakarta
95%
Luxembourg69.358Luxembourg
95%
India66.150Mumbai
95%
Norway70.496Oslo
95%
United States62.354San Francisco
95%
South Korea67.604Seoul
95%
United States76.324Washington D.C
95%
Switzerland74.030Zurich
95%
Thailand58.602Bangkok
94%
Finland62.622Helsinki
94%
United States68.404Houston
94%
South Africa59.900Johannesburg
94%
Peru53.460Lima
94%
Czechia66.920Prague
94%
Taiwan65.558Taipei
94%
Israel74.336Tel Aviv
94%
Poland63.968Warsaw
94%
United States66.490Boston
93%
Hungary62.864Budapest
93%
Portugal62.928Lisbon
93%
United Kingdom65.284Manchester
93%
Philippines56.914Manila
93%
Australia66.752Melbourne
93%
United States60.176Miami
93%
Italy68.150Milan
93%
Iran56.582Tehran
93%
Canada62.058Vancouver
93%
Austria65.070Vienna
93%
Switzerland62.746Geneva
92%
Ukraine57.776Kyiv
92%
Japan61.680Osaka
92%
Turkey61.444Ankara
91%
United States60.818Dallas
91%
Germany64.446Frankfurt
91%
Saudi Arabia74.546Riyadh
91%
Romania56.430Bucharest
90%
Vietnam57.376Hanoi
90%
Malaysia59.972Kuala Lumpur
90%
Bulgaria56.026Sofia
90%
Germany64.260Hamburg
89%
Canada60.450Montreal
89%
New Zealand58.414 Auckland
88%
United Arab Emirates61.758Abu Dhabi
87%
Bangladesh55.850Dhaka
87%
Pakistan55.052Islamabad
87%
Kenya54.648Nairobi
86%
Serbia55.202Belgrade
85%
United Kingdom59.476Birmingham
85%
United States63.368Atlanta
84%
Lebanon57.158Beirut
84%
Qatar59.568Doha
84%
United States59.292Philadelphia
84%
Azerbaijan54.932Baku
83%
Ghana53.978Accra
81%
Jordan57.260Amman
80%
South Korea58.962Busan
80%
Morocco54.526Rabat
80%
India61.046Chennai
79%
Sri Lanka54.184Colombo
79%
United States63.556San Diego
79%
India65.872Bengaluru
77%
Oman56.168Muscat
77%
India64.818Hyderabad
70%
Kazakhstan55.290Almaty
69%
China63.770Tianjin
69%
United States68.596San Jose
55%

Score Distribution

Percentile by Number Answered

Percent of People with Each Score

Your Score History

You have not taken this quiz